Представление документа в формате MARC21

Поле Инд. ПП Название Значение
Тип записи a
Библиографический уровень m
001 Контрольный номер cab5ed4e-99b1-41b2-83cd-ac359957ecb3
005 Дата корректировки 20250822093618.8
008 Кодируемые данные 070305
020 a ISBN 0-19-316305-5
c Цена, тираж 6864.82
040 a Служба первич. каталог. НБ ТвГУ
041 0_ a Код языка текста eng
080 a Индекс УДК 78.03
a Индекс УДК 782.1.03
a Индекс УДК 783.03
084 a Индекс другой классификации/Индекс ББК Щ313(0)
a Индекс другой классификации/Индекс ББК Щ313(0)44
a Индекс другой классификации/Индекс ББК Щ317.413(0)44
a Индекс другой классификации/Индекс ББК Щ318.93(0)44
090 x Авторский знак N52
a Полочн. индекс Щ313(0)
245 00 a Заглавие The new Oxford history of music
n Номер части/ раздела Vol. 5
p Название части/ раздела Opera and church music, 1630-1750
c Ответственность ed. by Anthony Lewis and Nigel Fortune
260 0_ a Место издания Oxford
b Издательство Oxford university press
c Дата издания 2004
300 a Объем XXI,871 p.
b Иллюстрации/ тип воспроизводства ill.
500 a Примечание НАСТОЯЩИЙ МАТЕРИАЛ (ИНФОРМАЦИЯ) ПРОИЗВЕДЕН, РАСПРОСТРАНЕН И (ИЛИ) НАПРАВЛЕН ИНОСТРАННЫМ АГЕНТОМ, ЯВЛЯЮЩИМСЯ УЧРЕДИТЕЛЕМ (ЧЛЕНОМ, УЧАСТНИКОМ, РУКОВОДИТЕЛЕМ ИЛИ ЛИЦОМ, ВХОДЯЩИМ В СОСТАВ ОРГАНА ЛИЦ УКАЗАНЫХ В ЧАСТИ 4 СТАТЬИ 9 ФЕДЕРАЛЬНОГО ЗАКОНА «О КОНТРОЛЕ ЗА ДЕЯТЕЛЬНОСТЬЮ ЛИЦ, НАХОДЯЩИХСЯ ПОД ИНОСТРАННЫМ ВЛИЯНИЕМ») ВКЛЮЧЕННОГО В РЕЕСТР ИНОСТРАННЫХ АГЕНТОВ
504 a Библиография Bibliogr.: p. 777-834. - Ind.: p. 835-871.
583 a Действие Получение впервые 42 05.03.2007
k Исполнитель действия Дар Оксфордско-Российского Фонда
653 0_ a Ключевые слова Музыка
a Ключевые слова История музыки
a Ключевые слова Опера
a Ключевые слова История оперы
a Ключевые слова Церковная музыка
a Ключевые слова Оксфордско-Российский фонд
700 1_ a Другие авторы Fortune Nigel
e Роль лиц ed.
700 1_ a Другие авторы Lewis Anthony
e Роль лиц ed.
852 41 t Порядковый номер экземпляра 1
p Инвентарный номер 871032
888 a Бесплатные
930 a Новая/Ретро иностр
a Новая/Ретро англ
952 p 42.2007 6864.82 1 871032
c Вид литературы К ин
954 a Дата поступления на обработку 20070309
999 a Подразделение 2 ч.з.